Inquiry & expression; (Record no. 549286)
[ view plain ]
| 000 -LEADER | |
|---|---|
| fixed length control field | 00493cam a22001571 4500 |
| 082 ## - DEWEY DECIMAL CLASSIFICATION NUMBER | |
| Classification number | 808.8 |
| Author Mark | MAR |
| -- | L -29 P - 28 |
| 100 1# - MAIN ENTRY--PERSONAL NAME | |
| Personal name | Martin, Harold Clark, |
| 9 (RLIN) | 45861 |
| 245 10 - TITLE STATEMENT | |
| Title | Inquiry & expression; |
| Remainder of title | a college reader |
| Statement of responsibility, etc. | [by] Harold C. Martin & Richard M. Ohmann. |
| 260 ## - PUBLICATION, DISTRIBUTION, ETC. | |
| Place of publication, distribution, etc. | New York, |
| Name of publisher, distributor, etc. | Rinehart |
| Date of publication, distribution, etc. | [1958] |
| 300 ## - PHYSICAL DESCRIPTION | |
| Extent | 751 p. |
| Dimensions | 24 cm. |
| 526 ## - STUDY PROGRAM INFORMATION NOTE | |
| Program name | 0 |
| Interest level | 0 |
| Reading level | 0 |
| Title point value | 808_800000000000000_MAR |
| 650 #0 - SUBJECT ADDED ENTRY--TOPICAL TERM | |
| Topical term or geographic name entry element | Literature. |
| 9 (RLIN) | 6261 |
| 650 #0 - SUBJECT ADDED ENTRY--TOPICAL TERM | |
| Topical term or geographic name entry element | MCE |
| 9 (RLIN) | 379 |
| 700 1# - ADDED ENTRY--PERSONAL NAME | |
| Personal name | Ohmann, Richard M. |
| 9 (RLIN) | 45862 |
| 942 ## - ADDED ENTRY ELEMENTS (KOHA) | |
| Source of classification or shelving scheme | |
| Koha item type | Book |
| Withdrawn status | Lost status | Source of classification or shelving scheme | Damaged status | Not for loan | Permanent Location | Current Location | Date acquired | Total Checkouts | Full call number | Barcode | Date last seen | Price effective from | Koha item type |
|---|---|---|---|---|---|---|---|---|---|---|---|---|---|
| Military College of Engineering (MCE) | Military College of Engineering (MCE) | 09/23/2014 | 808.8 MAR | MCE-2024 | 09/23/2014 | 03/14/2021 | Book |
